00844nam a22001817a 4500008004100000040005500041080001800096245008800114260005000202300001000252500003200262650001200294653001300306942001200319999001700331952015700348952015700505230531b |||||||| |||| 00| 0 eng d aNational Science LibrarycNational Science Library a621.039bN8.1 aNuclear technologies, information & isotope productsc/ Department of Atomic Energy 8Bombay: aDepartment of Atomic Energy, b1998 a159p. aVol. 1; 159p. Vol. 2; 159p. aScience aResearch 2udccBK c37410d37410 00102udc406621039_N8170956656aNSLbNSLcGF/Rk-12/C-22/R-3d1998-04-07hVol. 1; 159p.l0o621.039 N8.1p177796r2023-05-31 00:00:00w1998-04-07yBK 00102udc406621039_N8270956660aNSLbNSLcGF/Rk-12/C-22/R-3d1998-04-07hVol. 2; 159p.l0o621.039 N8.2p177797r2023-05-31 00:00:00w1998-04-07yBK